000 01270cam a22003497a 4500
003 CHAP
005 20220329142439.0
008 010226d2000 mx r 00110 spa d
010 _a83618
011 _a84590
035 _a95114
040 _cCHAP
090 _aTesis
100 0 0 _aHuerta Victoria, Nicolás Jacobo.
_956717
245 1 0 _aProducción de jitomate bajo el sistema de fertirrigación en la comunidad de El Progreso, municipio de Tepexi de Rodríguez, Puebla
_c/por Nicolás Jacobo Huerta Victoria
260 _aChapingo, Méx. :
_bEl autor,
_c2000.
300 _a65 h.
502 _aTesis (Ing. Agr. Esp. en Fitotecnia) --UACH. Departamento de Fitotecnia
590 _aALEPH
_b10
_c20130110
_lUCH01
_h1441
590 _aBATCH-UPD
_b10
_c20130110
_lUCH01
_h0401
590 _aBATCH-UPD
_b10
_c20130410
_lUCH01
_h0034
590 _aBATCH-UPD
_b10
_c20130914
_lUCH01
_h1407
590 _aCONVERSION
_b10
_c20130109
_lUCH01
_h1346
650 1 4 _aFertirrigación.
_940652
650 1 4 _aTomate
_xAspectos económicos
_zPuebla.
_9113689
650 1 4 _aTomate
_xPuebla.
_9113759
901 _aBK
905 _aMayto Villalobos S.
942 _cFOLL
949 _bBC
_cTES
_d33724000817110
_eTS2
_fc.2
_h37891
_i95114
_si
949 _bBC
_cTES
_d951141
_eTS1
_h37890
_i95114
_sb
999 _c83618
_d83618